| 000 | 00496nam a2200157 a 4500 | ||
|---|---|---|---|
| 001 | 000045851 | ||
| 005 | 20201002052500.0 | ||
| 008 | 150522s2012 dr a 000 0 spa d | ||
| 040 |
_aDO-SdBNP _bspa _cBNPHU |
||
| 082 |
_axxxx _bxxxx |
||
| 100 | 1 |
_aDamirón, Anya _943024 |
|
| 245 | 1 | 3 |
_aEl rancho de don juancho : _bnúmeros, colores, animales / _cAnya Damirón, Pablo Pino. |
| 260 |
_a[santo Domingo] : _bLucia'Stories, _c2012. |
||
| 300 |
_a[16] p. : _bil. ; _c21 cm. |
||
| 700 | 1 | 2 |
_aPino, Pablo _972370 |
| 999 |
_c45340 _d45340 |
||